000 00694nam a2200193 i 4500
001 39816
003 ES-MaACL
005 20250930063044.0
007 t|
008 030304s1909 sp ||||1| spa d
080 _a821.134.2-34"18"
100 1 _aCanitrot, Prudencio,
_d1882-1913
_934506
245 1 0 _aCuentos de abades y de aldea /
_cescritos por Prudencio Canitrot ; prólogo de Murguía.
260 _aMadrid :
_bLibrería General de Victoriano Suarez,
_c1909 (
_fTipografía de la Revista de Archivos, Bibliotecas y Museos)
300 _a200 p. ;
_c20 cm.
700 1 _aMurguía, Manuel.
_984577
852 _aES-MaACL
_jG-9190
_z.- Ded. ms. del autor
999 _c39816
_d39816